[Event "JPN-ch 46th"]
[Site "Tokyo"]
[Date "2013.05.03"]
[Round "6"]
[White "Gonda, Gentaro"]
[Black "Inoue, Sho"]
[Result "0-1"]
[WhiteElo "2078"]
[BlackElo "2038"]
[PlyCount "120"]
[EventDate "2013.05.01"]
[EventType "swiss"]
[EventRounds "11"]
[EventCountry "JPN"]
[SourceTitle "CBM 154 Extra"]
[Source "ChessBase"]
[SourceDate "2013.06.25"]
[SourceVersion "2"]
[SourceVersionDate "2013.06.25"]
[SourceQuality "1"]

1. d4 e6 2. e4 b6 3. Nf3 Bb7 4. Bd3 d6 5. 0-0 Nd7 6. Nc3 g6 7. Re1 Bg7 8. Bg5 Ne7 9. Qd2 h6 10. Bf4 g5 11. Be3 g4 12. Nh4 Bf6 13. g3 Bxh4 14. gxh4 Ng6 15. h5 Nh4 16. Be2 Nf6 17. Bf4 Nxh5 18. Bg3 Nf3+ 19. Bxf3 gxf3 20. Qd3 Nxg3 21. fxg3 f2+ 22. Kxf2 h5 23. Kg1 h4 24. Re3 hxg3 25. Rxg3 Qh4 26. Qe2 0-0-0 27. Rf1 f5 28. Rf2 fxe4 29. Rg4 Rdg8 30. Rfg2 Rxg4 31. Rxg4 Qf6 32. Nxe4 Qxd4+ 33. Nf2 Qd5 34. c4 Qf5 35. Rg3 Qb1+ 36. Nd1 Qf5 37. Nf2 Qb1+ 38. Nd1 Qf5 39. Nf2 Rf8 40. b3 Kd8 41. h3 e5 42. Qd2 Qb1+ 43. Nd1 Qe4 44. Nf2 Qb1+ 45. Nd1 Qe4 46. Nf2 Qf5 47. Qe2 Qf4 48. Qe3 Qf5 49. Qe2 Bf3 50. Qd2 Qb1+ 51. Kh2 Bc6 52. Rg4 Qf1 53. Nd3 Qh1+ 54. Kg3 Qf3+ 55. Kh2 Qh1+ 56. Kg3 Rf3+ 57. Kh4 Rxh3+ 58. Kg5 Rh5+ 59. Kg6 Be8+ 60. Kg7 Qf3 0-1

[Event "WMSG Blitz Team 1st"]
[Site "Beijing"]
[Date "2008.10.13"]
[Round "4"]
[White "Inoue, Sho"]
[Black "Ahmed, Haseeb"]
[Result "0-1"]
[WhiteElo "2024"]
[BlackElo "2253"]
[PlyCount "82"]
[EventDate "2008.10.13"]
[EventType "tourn (blitz)"]
[EventRounds "11"]
[EventCountry "CHN"]
[SourceTitle "CBM 126 Extra"]
[Source "ChessBase"]
[SourceDate "2008.11.05"]
[SourceVersion "1"]
[SourceVersionDate "2008.11.05"]
[SourceQuality "1"]

1. e4 c5 2. Nf3 Nc6 3. d4 cxd4 4. Nxd4 Nf6 5. Nc3 e5 6. Ndb5 d6 7. Bg5 a6 8. Na3 b5 9. Nd5 Be7 10. Bxf6 Bxf6 11. c4 0-0 12. cxb5 Nd4 13. bxa6 Bg5 14. h4 Qa5+ 15. Nc3 Be7 16. Bd3 Bxa6 17. 0-0 Bxh4 18. Nc4 Bxc4 19. Bxc4 Qb4 20. Bd5 Rac8 21. Rb1 Kh8 22. a3 Qb6 23. Ne2 Nc2 24. Nc3 Nd4 25. Ne2 Nc2 26. Nc3 Nd4 27. Ne2 Nc2 28. Nc3 Nd4 29. Ne2 f5 30. Nxd4 exd4 31. exf5 Rce8 32. Be6 Rf6 33. b4 Ref8 34. a4 d3 35. Qxd3 Bxf2+ 36. Rxf2 Rxe6 37. fxe6 Qxf2+ 38. Kh2 Rf4 39. e7 Rh4+ 40. Qh3 Rxh3+ 41. Kxh3 Qe3+ 0-1

[Event "WMSG Blitz Team 1st"]
[Site "Beijing"]
[Date "2008.10.13"]
[Round "11"]
[White "Inoue, Sho"]
[Black "Feldman, Vladimir"]
[Result "0-1"]
[WhiteElo "2024"]
[BlackElo "2298"]
[PlyCount "49"]
[EventDate "2008.10.13"]
[EventType "tourn (blitz)"]
[EventRounds "11"]
[EventCountry "CHN"]
[SourceTitle "CBM 126 Extra"]
[Source "ChessBase"]
[SourceDate "2008.11.05"]
[SourceVersion "1"]
[SourceVersionDate "2008.11.05"]
[SourceQuality "1"]

1. e4 c5 2. Nf3 d6 3. d4 cxd4 4. Nxd4 Nf6 5. Nc3 a6 6. Be2 e6 7. 0-0 Be7 8. f4 Qc7 9. g4 Nc6 10. Kh1 h6 11. Be3 Bd7 12. Qd2 b5 13. a3 Nxd4 14. Bxd4 Bc6 15. Bf3 e5 16. fxe5 dxe5 17. Be3 Rd8 18. Qe2 Qb7 19. Bf2 a5 20. Rfd1 0-0 21. Rg1 b4 22. axb4 Bxb4 23. g5 Nh7 24. gxh6 g6 25. Nd5 0-1

[Event "WMSG Blitz Team 1st"]
[Site "Beijing"]
[Date "2008.10.13"]
[Round "3"]
[White "Inoue, Sho"]
[Black "Kristjansson, Stefan"]
[Result "0-1"]
[WhiteElo "2024"]
[BlackElo "2474"]
[PlyCount "78"]
[EventDate "2008.10.13"]
[EventType "tourn (blitz)"]
[EventRounds "11"]
[EventCountry "CHN"]
[SourceTitle "CBM 126 Extra"]
[Source "ChessBase"]
[SourceDate "2008.11.05"]
[SourceVersion "1"]
[SourceVersionDate "2008.11.05"]
[SourceQuality "1"]

1. e4 Nc6 2. Nf3 Nf6 3. e5 Ng4 4. d4 d6 5. h3 Nh6 6. exd6 Qxd6 7. c3 Bd7 8. Bd3 0-0-0 9. Be3 Nf5 10. Qe2 g6 11. Nbd2 Nxe3 12. Qxe3 Bg7 13. b4 e5 14. Nc4 Qd5 15. Ncxe5 Nxe5 16. dxe5 Kb8 17. 0-0 Rhe8 18. Be4 Qc4 19. Nd2 Qe6 20. Nb3 Qxe5 21. Nc5 Bc8 22. Qf3 Qxc3 23. Bxb7 Qxf3 24. Bxf3 Bxa1 25. Rxa1 Rd4 26. a3 Rd6 27. Rc1 Re5 28. a4 c6 29. b5 cxb5 30. axb5 Rb6 31. Na6+ Bxa6 32. bxa6 Rxa6 33. Rb1+ Rb6 34. Rd1 Re7 35. Rd8+ Kc7 36. Rh8 h5 37. Ra8 Kd6 38. Rd8+ Kc5 39. Rc8+ Kb4 0-1

[Event "Kuala Lumpur op 4th"]
[Site "Kuala Lumpur"]
[Date "2007.08.25"]
[Round "9"]
[White "Yeap, Eng Cheam"]
[Black "Inoue, Sho"]
[Result "1-0"]
[WhiteElo "2138"]
[BlackElo "2031"]
[PlyCount "57"]
[EventDate "2007.08.20"]
[EventType "swiss"]
[EventRounds "11"]
[EventCountry "MAS"]
[SourceTitle "CBM 120 Extra"]
[Source "ChessBase"]
[SourceDate "2007.11.01"]
[SourceVersion "1"]
[SourceVersionDate "2007.11.01"]
[SourceQuality "1"]

1. e4 e5 2. Nf3 Nc6 3. Bb5 a6 4. Bxc6 dxc6 5. h3 f6 6. 0-0 Be6 7. d4 Bd6 8. dxe5 Bxe5 9. Qe2 Bd6 10. e5 fxe5 11. Nxe5 Qf6 12. Ng4 Qe7 13. Bd2 0-0-0 14. Nc3 Qf7 15. Rfe1 Bd7 16. Ne4 Bf4 17. Qf3 Rf8 18. Bb4 Ne7 19. g3 h5 20. Qxf4 Qxf4 21. gxf4 hxg4 22. Bxe7 Rxf4 23. h4 Bf5 24. Ng3 Bxc2 25. Bg5 Rf3 26. Re7 Rhf8 27. Be3 g6 28. Re1 b6 29. Rc1 1-0

[Event "Kuala Lumpur op 3rd"]
[Site "Kuala Lumpur"]
[Date "2006.08.21"]
[Round "1"]
[White "Le, Kieu Thien Kim"]
[Black "Inoue, Sho"]
[Result "1-0"]
[WhiteElo "2329"]
[BlackElo "2002"]
[PlyCount "101"]
[EventDate "2006.08.21"]
[EventType "swiss"]
[EventRounds "11"]
[EventCountry "MAS"]
[SourceTitle "CBM 114 Extra"]
[Source "ChessBase"]
[SourceDate "2006.11.03"]
[SourceVersion "1"]
[SourceVersionDate "2006.11.03"]
[SourceQuality "1"]

1. d4 Nf6 2. Nf3 e6 3. e3 b6 4. Bd3 Bb7 5. Nbd2 d5 6. b3 Bd6 7. Bb2 0-0 8. 0-0 Ne4 9. c4 Nxd2 10. Nxd2 Qh4 11. Nf3 Qh5 12. cxd5 exd5 13. Rc1 f6 14. h3 Bc8 15. Nd2 Qxd1 16. Rfxd1 Ba6 17. Bb1 f5 18. Nf3 Be2 19. Re1 Bxf3 20. gxf3 Nd7 21. a3 Kh8 22. b4 Rae8 23. b5 Re6 24. Ba2 Rg6+ 25. Kf1 Nf6 26. Ke2 Rh6 27. Rh1 f4 28. Kd3 fxe3 29. fxe3 Rg6 30. Rcg1 Rxg1 31. Rxg1 h6 32. Rf1 Re8 33. Re1 Bg3 34. Re2 Kh7 35. e4 Nh5 36. Rc2 dxe4+ 37. fxe4 Nf4+ 38. Ke3 Nxh3 39. e5 Re7 40. Kf3 Be1 41. d5 Ng5+ 42. Kg2 h5 43. e6 h4 44. Be5 Bg3 45. Rxc7 Bxe5 46. Rxe7 h3+ 47. Kh1 h2 48. Bb1+ Kh6 49. Re8 g6 50. e7 Nh3 51. Rf8 1-0